00670nam a2200229 a 4500001001300000003000900013005001700022008004100039020001000080082001500090100002100105245002800126260004100154300000900195500003500204650003400239700002100273902000800294942000700302952011600309999001500425nice12345678IN_TiNIC20260116012640.0070625s1975 edia grp 000 0 eng  ac10000a227.4bBAR aBarclay, William aLetter to the Galatians aEdinburgh bSt. Andrews Press c1975 a219p aincludes index and biblioraphy aBible N.T. Epistles Galatians1 aBarclay, William bSRS cBK 001040708StackRoom-aHMIbHMId2007-06-25g100.00l0o227.4 BARp010736r2007-06-25v100.00w2007-06-25yBK c7799d7799